| Tag |
First Indicator |
Second Indicator |
Subfields |
| LEADER |
00000cam a2200000 i 4500 |
| 001 |
in00000012061 |
| 005 |
20151007051743.0 |
| 008 |
780905s1977 caua 00010 eng |
| 010 |
|
|
|a 77093545
|
| 020 |
|
|
|a 0917002148 :
|c $8.95
|
| 035 |
|
|
|a (OCoLC)03573080
|
| 035 |
|
|
|9 AAA4608AM
|
| 040 |
|
|
|a DLC
|c DLC
|d m/c
|d TXA
|d UtOrBLW
|
| 049 |
|
|
|a TXAM
|c [A10924261]
|
| 050 |
0 |
0 |
|a HV2380
|b .H64
|
| 082 |
0 |
|
|a 362.4/2
|
| 100 |
1 |
|
|a Holcomb, Roy K.
|
| 245 |
1 |
0 |
|a Hazards of deafness /
|c by Roy K. Holcomb.
|
| 264 |
|
1 |
|a Northridge, Calif. :
|b Joyce Media,
|c [1977]
|
| 264 |
|
4 |
|c ©1977
|
| 300 |
|
|
|a 109 pages, 8 unnumbered pages :
|b illustrations ;
|c 22 cm.
|
| 336 |
|
|
|a text
|b txt
|2 rdacontent
|
| 337 |
|
|
|a unmediated
|b n
|2 rdamedia
|
| 338 |
|
|
|a volume
|b nc
|2 rdacarrier
|
| 650 |
|
0 |
|a Deaf.
|
| 650 |
|
0 |
|a Deaf
|x Anecdotes.
|
| 999 |
|
|
|a MARS
|
| 999 |
f |
f |
|s c0c0a03b-90eb-365c-a4f1-c896cff7e743
|i 3a49318b-1591-3832-b410-a9d459ac3f6a
|t 0
|
| 952 |
f |
f |
|p ric
|a Texas A&M University
|b Rellis Campus
|c Joint Library Facility
|d Remote Storage
|t 0
|e HV2380 .H64
|h Library of Congress classification
|i unmediated -- volume
|m A14810924261
|
| 998 |
f |
f |
|a HV2380 .H64
|t 0
|l Remote Storage
|